000 002370000a22000970004500
100 1 _aWinter, Ralph D.
245 1 0 _aLas misiones hoy : Prespectivas
300 _aVol 5, Núm 10 (1983), Páginas 84-91
773 0 _tPastoralia
942 _cANA
999 _c53277
_d53277